00968cam a22002531 450000100060000000300080000600500170001400800390003103500190007003500180008904000410010704100080014808200210015624501380017726000580031530000270037349000430040050400530044365000190049670000310051594200120054699900170055895201390057529812BD-RjUL20211209051450.0140407r19611958nuy b 001 0 eng a(BD-RjUL)29897 a(OCoLC)374501 aDLCcODaWUdOCoLCdDLCdBD-RjULbeng aeng a170.82bMOD 196112aA modern introduction to ethics :breadings from classical and contemporary sources /cEdited with introductions by Milton K. Munitz. aGlencoe, Ill. :bFree Press,cc1958 [Reprinted 1961]. aviii, 657 p. ;c24 cm.0 aThe Free Press textbooks in philosophy aIncludes bibliographical references and indexes. 0aEthics.9907361 aMunitz, Milton Karl.93637 2ddccBK c29812d29812 00102ddc40728NFICaRUCLbRUCLcReadingd1963-03-12eZetlingerg56.00l0o170.82 MOD 1961r2014-04-07 00:00:00tC-1w2014-04-07yBK